000 00550nam a2200229Ia 4500
003 OSt
005 20221005120232.0
006 a|||||r|||| 00| 0
007 ta
008 221004b |||||||| |||| 00| 0 mar d
024 _a44921
037 _cTextual
040 _aCRL
_cCRL
_bmar
041 _2mar
_amar
082 _aP1:1:1, 155J5
245 0 _aDhvani vicara
260 _c1955
490 _aDeccan college handbook series; 5
650 _aLINGUISTICS
942 _hP1:1:1, 155J5
_cTEXL
_2cc
999 _c1037317
_d1037317